| 000 | 00699nam a22001817a 4500 | ||
|---|---|---|---|
| 005 | 20251108164311.0 | ||
| 008 | 250721s1985 xx 000 0 ara d | ||
| 082 | 1 | 4 | _a796.41/حنت |
| 100 | 1 | _aحنتوش، معيوف ذنون | |
| 245 | 1 | 0 |
_aجمباز الأجهزة للبنات : _bكتاب منهجي لطالبات كلية التربية الرياضيه / |
| 264 | 1 |
_aالموصل : _bوزارة التعليم العالي و البحث العلمي - جامعة الوصل، _c1985. |
|
| 300 | _a236ص. | ||
| 650 | 1 | 7 | _aالألعاب الرياضية |
| 650 | 1 | 7 | _aالتمرينات الرياضية |
| 700 | 1 | _aسعودي، عامر محمد | |
| 942 |
_2ddc _cBK |
||
| 999 |
_c8755 _d8755 |
||